Welcome to CU Library Online Public Access Catalogue (OPAC)

Human resource management : (Record no. 5773)

MARC details
000 -LEADER
fixed length control field 00979cam a22002534a 4500
001 - CONTROL NUMBER
control field 13121009
005 - DATE AND TIME OF LATEST TRANSACTION
control field 20250514173536.0
008 - FIXED-LENGTH DATA ELEMENTS--GENERAL INFORMATION
fixed length control field 030312s2003 enka b 001 0 eng
020 ## - INTERNATIONAL STANDARD BOOK NUMBER
International Standard Book Number 033399325X
020 ## - INTERNATIONAL STANDARD BOOK NUMBER
International Standard Book Number 0333993268 (pbk.)
050 00 - LIBRARY OF CONGRESS CALL NUMBER
Classification number HF5549
Item number .B789 2003
082 00 - DEWEY DECIMAL CLASSIFICATION NUMBER
Classification number 658.3
Edition information 21
100 1# - MAIN ENTRY--PERSONAL NAME
Personal name Bratton, John.
245 10 - TITLE STATEMENT
Title Human resource management :
Remainder of title theory and practice /
Statement of responsibility, etc. John Bratton and Jeffrey Gold.
250 ## - EDITION STATEMENT
Edition statement 3rd ed.
260 ## - PUBLICATION, DISTRIBUTION, ETC.
Place of publication, distribution, etc. Houndmills, Basingstoke, Hampshire
-- New York :
Name of publisher, distributor, etc. Palgrave Macmillan,
Date of publication, distribution, etc. 2003.
300 ## - PHYSICAL DESCRIPTION
Extent xxxvi, 540 p. :
Other physical details ill. ;
Dimensions 25 cm.
650 #0 - SUBJECT ADDED ENTRY--TOPICAL TERM
Topical term or geographic name entry element Personnel management.
700 1# - ADDED ENTRY--PERSONAL NAME
Personal name Gold, Jeffrey.
856 42 - ELECTRONIC LOCATION AND ACCESS
Materials specified Contributor biographical information
Uniform Resource Identifier <a href="http://www.loc.gov/catdir/bios/hol053/2003045982.html">http://www.loc.gov/catdir/bios/hol053/2003045982.html</a>
856 42 - ELECTRONIC LOCATION AND ACCESS
Materials specified Publisher description
Uniform Resource Identifier <a href="http://www.loc.gov/catdir/description/hol041/2003045982.html">http://www.loc.gov/catdir/description/hol041/2003045982.html</a>
856 41 - ELECTRONIC LOCATION AND ACCESS
Materials specified Table of contents only
Uniform Resource Identifier <a href="http://www.loc.gov/catdir/enhancements/fy0614/2003045982-t.html">http://www.loc.gov/catdir/enhancements/fy0614/2003045982-t.html</a>
942 ## - ADDED ENTRY ELEMENTS (KOHA)
Source of classification or shelving scheme Library of Congress Classification
Koha item type Books
Suppress in OPAC No
999 ## -
-- 5773
-- 5773
Holdings
Withdrawn status Lost status Source of classification or shelving scheme Damaged status Not for loan Collection Home library Current library Shelving location Date acquired Total checkouts Full call number Barcode Date last seen Copy number Price effective from Koha item type
    Library of Congress Classification     Non-fiction Undergraduate Library (Christ Temple) Undergraduate Library (Christ Temple) General stacks 05/14/2025   HF5549 BRA ulct00002389 05/14/2025 1 05/14/2025 Books
© 2023-2024 Copyright: Central University Libraries. All Rights Reserved | Created by: Mahone Tech Office